Latin-magyar és magyar-latin szótár a csehszlov. által. müveltséget nyújtó magyar tannyelvű iskolák 9.-10. évf. számára, valamint szövegmagyarázat a 11. évf. latin tankönyvéhez

Bibliographic Details
Main Author: Farkas, István (Author)
Format: Book
Language:Hungarian
Latin
PhysicalDescription:155, [2] s. 8°
Published: Bratislava Slovenské pedagogické nakladateľstvo 1960
Subjects:

MARC

LEADER 00000nam a2200000 a 4500
001 vtls008315435
003 SK-MaSNL
005 20260301043315.0
008 230403s1960 xo hun
015 |a SNBA1960/05-00706 
035 |a SK01SNK19600007652 
035 |a urn:nbn:sk:snk-amlprp 
035 |a urn:nbn:sk:snk-am00c20j 
035 |a 0359161B-CEB1-4348-B54A-23C54DC8FA6D 
035 |a SKM000010115 
040 |a SNK  |b slo  |c SNK  |e AACR2 
041 0 |a hun  |a lat 
044 |a xo  |c SK 
080 |a 801.823.2=71=945.11  |2 1981 
080 |a 809.451.1:807.1(038)  |2 1981 
080 |a 807.1:809.451.1(038)  |2 1981 
100 1 |a Farkas, István  |4 aut  |9 12008 
245 1 0 |a Latin-magyar és magyar-latin szótár a csehszlov. által. müveltséget nyújtó magyar tannyelvű iskolák 9.-10. évf. számára, valamint szövegmagyarázat a 11. évf. latin tankönyvéhez  |c össz. Farkas István 
260 |a Bratislava  |b Slovenské pedagogické nakladateľstvo  |c 1960  |e Bratislava  |f Západoslovenské tlačiarne 
300 |a 155, [2] s.  |c 8° 
563 |a 200 výtl. 
650 0 7 |a maďarčina  |x slovníky maďarsko-latinské  |2 SNK  |9 347910 
650 0 7 |a latinčina  |x slovníky latinsko-maďarské  |2 SNK  |9 347911 
655 7 |a slovníky  |2 SNKPH  |9 70413 
852 |a Slovenská národná knižnica 
954 |a odborná, vedecká literatúra cudzojazyčná (svetová)  |2 lita 
958 |a OND 
958 |a TL 
958 |a RK 
958 |a HU 
958 |a EUIPO 
999 |c 593249  |d 595179 
952 |a SNK  |b SNK  |y PREZ  |7 0  |p 17A0636728  |o snkSD 18379  |i snkKSP 1479/60  |0 0  |1 0  |4 0  |d 2009-12-04  |f 1  |l 0  |r 2025-12-02 00:00:00  |w 2026-02-23